La inteligencia emocional de los niños / (Record no. 93181)

MARC details
000 -CABECERA
campo de control de longitud fija 00678nam a2200217 a 4500
005 - FECHA Y HORA DE LA ÚLTIMA TRANSACCIÓN
campo de control 20240925064335.0
008 - ELEMENTOS DE LONGITUD FIJA--INFORMACIÓN GENERAL
campo de control de longitud fija 021107s2000 mx r 000 0 spa d
020 ## - NÚMERO INTERNACIONAL NORMALIZADO PARA LIBROS
Número Internacional Estándar del Libro 9684972083
035 ## - NÚMERO DE CONTROL DEL SISTEMA
Número de control de sistema UPN01000120852
049 ## - COLECCIÓN
Colección CG
050 #4 - SIGNATURA TOPOGRÁFICA DE LA BIBLIOTECA DEL CONGRESO
Número de clasificación BF576
Número de documento/Ítem S5.48
100 1# - ASIENTO PRINCIPAL--NOMBRE PERSONAL
Nombre de persona Shapiro, Lawrence E.
245 13 - MENCIÓN DE TÍTULO
Título La inteligencia emocional de los niños /
Mención de responsabilidad, etc. Lawrence E. Shapiro ; tr. Alejandro Tiscornia.
260 ## - PUBLICACIÓN, DISTRIBUCIÓN, ETC.
Lugar de publicación, distribución, etc. México :
Nombre del editor, distribuidor, etc. Javier Vergara,
Fecha de publicación, distribución, etc. 2000.
300 ## - DESCRIPCIÓN FÍSICA
Extensión 305 p.
534 ## - NOTA SOBRE LA VERSIÓN ORIGINAL
Frase introductoria Traducción de:
Mención de título del original How to rise a child with a high EQ
650 #7 - ASIENTO SECUNDARIO DE MATERIA - TERMINO TEMATICO
Término de materia o nombre geográfico como elemento de entrada Inteligencia emocional
Fuente del encabezamiento o término
9 (RLIN) 1394
650 #4 - ASIENTO SECUNDARIO DE MATERIA - TERMINO TEMATICO
Término de materia o nombre geográfico como elemento de entrada Psicoterapia infantil
9 (RLIN) 15
650 #4 - ASIENTO SECUNDARIO DE MATERIA - TERMINO TEMATICO
Término de materia o nombre geográfico como elemento de entrada Niño, Estudio del
9 (RLIN) 221
905 ## - TIPO DE MATERIAL
Tipo de material Libro
Holdings
Estado de retiro Estado de pérdida Fuente del sistema de clasificación o colocación Estado dañado No para préstamo Código de colección Localización permanente Ubicación/localización actual Ubicación en estantería Total de préstamos Clasificación Código de barras En préstamo Fecha visto por última vez Número de copia Tipo de ítem Koha Fecha de adquisición Fecha del último préstamo
    Library of Congress Classification     Colección General Bib. Gregorio Torres Quintero Bib. Gregorio Torres Quintero Planta baja 98 BF576 S5.48 199151 31/08/2021 31/12/2020 1 Libro    
    Library of Congress Classification Dañado   Colección General Bib. Gregorio Torres Quintero Bib. Gregorio Torres Quintero Planta baja 88 BF576 S5.48 200499   17/10/2022 1 Libro 06/10/2022 06/10/2022